| 000 | 00450nam a22001697a 4500 | ||
|---|---|---|---|
| 003 | OSt | ||
| 005 | 20140310182329.0 | ||
| 008 | 130313t xxu||||| |||| 00| 0 eng d | ||
| 050 |
_aPZ 8 _b.Sn674 1995 |
||
| 082 |
_aPZ8.P8 _bS66 1995 |
||
| 100 |
_aBryant, Robyn _96413 |
||
| 245 |
_aSnow white _cRobyn Bryant. |
||
| 260 |
_aWanchai, Hongkong: _bTormont International Ltd., _cc1995. |
||
| 300 | _c17 cm. | ||
| 942 |
_2lcc _cBK-GS |
||
| 999 |
_c11951 _d11951 |
||